000 00314nam a2200133Ia 4500
008 191201s2007 xx 000 0 und d
082 _a621.38
_bDIF
100 _aDISTEFANO, J
245 0 _aFeedback and Control Systems
260 _aN.Delhi
_bTMH
_c2007
300 _a512
650 _aB.Tech(IT)
942 _2ddc
_cBK
999 _c2948
_d2948